000 00396nam a2200157 a 4500
001 2715
005 20140414131848.0
008 050927s19uu xx 00 eng d
020 _a0-603-55368-0
050 _aM 398.2
_bR47 1994
100 _aJames Riordan
245 _aFairy tales. /
_cretold by James Riordan.
260 _aLondon :
_bDean,
_c1987.
300 _a94 p. ; cm.
999 _c110032
_d110032